000 00742nam a22002177a 4500
003 UA-OsUOA
001 41497
007 ta
008 20060928b un ||||| |||| 00| 0 ukr d
100 _aЄфименкоТ.І.
090 _a330(477)
_bЄ-11
942 _cSA
040 _aUA-OsUOA
_bukr
_cUA-OsUOA
_dUA-OsUOA
245 _aДеякі підходи до розв'язання проблеми взаємоузгодженості термінів і нормативно-правових понять у сфері фінансів
300 _aС.4-7
955 _a0
041 _aukr
080 _a330(477)
773 0 _w41495
_tФінанси України
_dК.
_d2006
_g8
650 7 _a330 Економіка взагалі
_2UDC
999 _c327638
_d327638